[Event "Isle of Wight blitz op1"]
[Site "Isle of Wight"]
[Date "2025.02.19"]
[Round "2"]
[White "Gorsuch, Samuel"]
[Black "O'Hanlon, Joe"]
[Result "1-0"]
[WhiteElo "1367"]
[BlackElo "1700"]
[PlyCount "131"]
[EventDate "2025.02.19"]
[EventType "swiss (blitz)"]
[EventRounds "7"]
[EventCountry "ENG"]
[SourceTitle "CB08_2025"]
[SourceDate "2025.02.19"]
[SourceVersion "1"]
[SourceVersionDate "2025.02.19"]
[SourceQuality "1"]

1. e4 d5 2. exd5 Qxd5 3. Nc3 Qd8 4. d4 Nf6 5. Nf3 Bg4 6. Be2 Bxf3 7. Bxf3 c6 8. Be3 e6 9. 0-0 Nbd7 10. Re1 Bd6 11. a3 0-0 12. Ne2 Qc7 13. g3 Rfd8 14. c4 Be7 15. Nc3 Nb6 16. Be2 Rd7 17. Qd2 Rad8 18. Rad1 c5 19. Qc2 cxd4 20. Nb5 Qc5 21. b4 Qc8 22. Nxd4 Rc7 23. c5 Nbd5 24. Bc1 a6 25. Bf3 Qd7 26. Qb3 Kf8 27. Bb2 Rdc8 28. Qc2 g6 29. Bxd5 Nxd5 30. Nf3 Qd8 31. Qc1 Bf6 32. Qh6+ Kg8 33. Bxf6 Qxf6 34. Ng5 Qg7 35. Qh4 h6 36. Nf3 Kh7 37. Ng5+ Kg8 38. Nf3 Kh7 39. Qe4 Nf6 40. Qc2 Nd5 41. Ne5 Qf6 42. Ng4 Qc3 43. Qxc3 Nxc3 44. Rd3 Nd5 45. Ne3 Rd7 46. Nxd5 Rxd5 47. Rxd5 exd5 48. Re7 Kg7 49. Rxb7 d4 50. Kf1 Kf6 51. Rd7 Ke5 52. Ke2 Ke4 53. f3+ Ke5 54. Kd3 f5 55. Rxd4 g5 56. Rd6 h5 57. Kc4 g4 58. fxg4 hxg4 59. Rd5+ Ke4 60. a4 Rh8 61. Rd2 Ke3 62. Kc3 f4 63. gxf4 Kxf4 64. b5 Rh3+ 65. Kc4 axb5+ 66. axb5 1-0

[Event "Isle of Wight blitz op1"]
[Site "Isle of Wight"]
[Date "2025.02.19"]
[Round "1"]
[White "O'Hanlon, Joe"]
[Black "Brewer, Callum D"]
[Result "0-1"]
[WhiteElo "1700"]
[BlackElo "2043"]
[PlyCount "60"]
[EventDate "2025.02.19"]
[EventType "swiss (blitz)"]
[EventRounds "7"]
[EventCountry "ENG"]
[SourceTitle "CB08_2025"]
[SourceDate "2025.02.19"]
[SourceVersion "1"]
[SourceVersionDate "2025.02.19"]
[SourceQuality "1"]

1. d4 d5 2. Bf4 c5 3. e3 Nc6 4. c3 Bf5 5. Bd3 Bxd3 6. Qxd3 e6 7. Nf3 Bd6 8. Ne5 f6 9. Nxc6 bxc6 10. dxc5 Bxc5 11. Nd2 Ne7 12. Nb3 Bd6 13. Bxd6 Qxd6 14. 0-0 0-0 15. Rad1 Rfd8 16. Rd2 c5 17. c4 Qb6 18. Rfd1 Kh8 19. Qc2 Rac8 20. cxd5 exd5 21. Nc1 Rb8 22. Ne2 Nc6 23. a3 h6 24. Rxd5 Rxd5 25. Rxd5 Qxb2 26. Rxc5 Qa1+ 27. Qc1 Rb1 28. Rxc6 Rxc1+ 29. Rxc1 Qxa3 30. Nd4 Qxc1# 0-1

[Event "Enniscrone Sligo op-B"]
[Site "Enniscrone"]
[Date "2025.02.02"]
[Round "5"]
[White "O'Hanlon, Joe"]
[Black "Hourican, Oisin"]
[Result "0-1"]
[WhiteElo "1688"]
[BlackElo "1636"]
[PlyCount "40"]
[EventDate "2025.01.31"]
[EventType "swiss"]
[EventRounds "5"]
[EventCountry "IRL"]
[SourceTitle "CB06_2025"]
[SourceDate "2025.02.05"]
[SourceVersion "1"]
[SourceVersionDate "2025.02.05"]
[SourceQuality "1"]

1. d4 d5 2. Bf4 c5 3. e3 cxd4 4. exd4 Nc6 5. c3 Bf5 6. Nf3 e6 7. Qb3 Qb6 8. Nbd2 Nf6 9. Qxb6 axb6 10. Bb5 Nd7 11. 0-0 Be7 12. Rfe1 0-0 13. Ne5 Ndxe5 14. dxe5 Rfc8 15. Nf3 Na5 16. Nd4 Be4 17. a3 h6 18. Rad1 Nc4 19. Bxc4 Rxc4 20. Nf3 Bxf3 0-1

[Event "BCF-ch AM U1900 op"]
[Site "Hull"]
[Date "2024.07.29"]
[Round "1"]
[White "May, Paul"]
[Black "O'Hanlon, Joe"]
[Result "1-0"]
[WhiteElo "1827"]
[BlackElo "1731"]
[PlyCount "65"]
[EventDate "2024.07.29"]
[EventType "swiss"]
[EventRounds "6"]
[EventCountry "ENG"]
[SourceTitle "CBM 221 Extra"]
[Source "ChessBase"]
[SourceDate "2024.09.30"]
[SourceVersion "1"]
[SourceVersionDate "2024.09.30"]
[SourceQuality "1"]

1. d4 d5 2. c4 e6 3. Nc3 Nf6 4. Bg5 Be7 5. c5 h6 6. Bh4 0-0 7. Nf3 b6 8. b4 a5 9. a3 c6 10. e3 b5 11. Bd3 Nbd7 12. 0-0 Re8 13. Qe2 Bb7 14. Rfc1 Ra7 15. Nxb5 cxb5 16. Bxb5 axb4 17. axb4 Qa8 18. Rxa7 Qxa7 19. Qb2 g5 20. Bg3 Qa8 21. c6 Bxc6 22. Bxc6 Qa6 23. b5 Qb6 24. Ra1 Rc8 25. Ra6 Qd8 26. Bb7 Ne4 27. Bxc8 Qxc8 28. Rc6 Qa8 29. Rc7 Nxg3 30. hxg3 Ba3 31. Qa2 Nb6 32. Ne5 f5 33. Rc3 1-0

[Event "BCF-ch Penrose U2000 op"]
[Site "Hull"]
[Date "2024.07.28"]
[Round "5"]
[White "O'Hanlon, Joe"]
[Black "Twigger Ross, Malcolm"]
[Result "1/2-1/2"]
[WhiteElo "1731"]
[BlackElo "1978"]
[PlyCount "27"]
[EventDate "2024.07.26"]
[EventType "swiss"]
[EventRounds "5"]
[EventCountry "ENG"]
[SourceTitle "CBM 221 Extra"]
[Source "ChessBase"]
[SourceDate "2024.09.30"]
[SourceVersion "1"]
[SourceVersionDate "2024.09.30"]
[SourceQuality "1"]

1. d4 d5 2. Bf4 Nf6 3. e3 e6 4. Nf3 c5 5. c3 Nc6 6. Nbd2 Be7 7. h3 0-0 8. Bd3 cxd4 9. exd4 Nd7 10. 0-0 Bf6 11. Re1 Re8 12. Ne5 Ndxe5 13. dxe5 Bg5 14. Qf3 1/2-1/2

[Event "BCF-ch Penrose U2000 op"]
[Site "Hull"]
[Date "2024.07.27"]
[Round "2"]
[White "Greatorex, Roger"]
[Black "O'Hanlon, Joe"]
[Result "1/2-1/2"]
[WhiteElo "1798"]
[BlackElo "1731"]
[PlyCount "47"]
[EventDate "2024.07.26"]
[EventType "swiss"]
[EventRounds "5"]
[EventCountry "ENG"]
[SourceTitle "CBM 221 Extra"]
[Source "ChessBase"]
[SourceDate "2024.09.30"]
[SourceVersion "1"]
[SourceVersionDate "2024.09.30"]
[SourceQuality "1"]

1. e4 e6 2. d4 d5 3. e5 c5 4. c3 Nc6 5. Bd3 cxd4 6. cxd4 Qb6 7. Nf3 Bd7 8. Be2 Nge7 9. Na3 Nf5 10. Nc2 Be7 11. h4 Bb4+ 12. Kf1 h5 13. Rb1 Be7 14. b3 Nb4 15. Nxb4 Bxb4 16. Bb2 Rc8 17. Bd3 Bb5 18. Qe2 Bxd3 19. Qxd3 0-0 20. Ke2 Rc6 21. Rhc1 Rfc8 22. Rxc6 Rxc6 23. Rc1 Rxc1 24. Bxc1 1/2-1/2